000 00815cab a22001815a 4500
001 L147227
008 090417s2009 xxkado f s 000 0 eng d
035 _a(Sirsi) u147227
041 0 _aeng
245 0 0 _aRepossessions and auctions
260 _c2009
490 4 _aEstate Agent
_vApril 2009, 6-7(2)
520 _aReveals that while most properties taken by lenders are still sold by estate agents, the auction houses are quickly gaining ground. Reviews the changing market situation including a growing trend to fast-track a repossession into auction, where properties have often fetched very low prices. Finds that the re-emergence of repossessed properties in the auction room marks the return of the investor.
590 _aKA
651 4 _aUnited Kingdom
_y
690 _aAuctioneering
_96218
942 _n0
999 _c81443
_d81443